000 00732nam a2200229 i 4500
001 bg
100 1 _aGALSTER, Jan
_d(1954- )
245 1 0 _aKompendium wiedzy o Unii Europejskiej :
_bz uwzględnieniem Traktatu Amsterdamskiego /
_cJan Galster, Zbigniew Witkowski.
250 _aWyd. 3 popr. i uzup.
260 _aToruń :
_bTowarzystwo Naukowe Organizacji i Kierownictwa "Dom Organizatora",
_c1999.
300 _a194, [7] s. ;
_c21 cm.
504 _aBibliogr. s. [211].
610 2 9 _aUnia Europejska
700 1 _aWITKOWSKI, Zbigniew
020 _a8387673536
040 _cBPK
041 0 _apl
080 _a339.923:061.1A/Z](4-67)
920 _a83-87673-53-6
942 _cKS
008 s pl f |000 0 pol
999 _c39488
_d39488
856 _uhttp://koha.tu.koszalin.pl/cgi-bin/koha/opac-detail.pl?biblionumber=39488
_yKatalog online BPK